000 00425cam a2200181ua 4500
001 3945
008 111209n ii |||gr||||Z||||||asm
040 _cMAIN
082 _a891.4511
100 1 _aGoswami, Nagendra Narayan,
245 1 1 _aUsha
_cby Nagendra Narayan goswami
250 _a1st.
260 _aGuwahati:
_bDutta barua & co.
300 _a131p:
_c23cm.
653 _aAssamese poem
653 _aUsha
942 _cBK
999 _c3767
_d3767